[Event "6th Karoun Masters Cup 2019"]
[Site "Ahvaz"]
[Date "2019.02.26"]
[Round "8.6"]
[White "Khodashenas, Mersad"]
[Black "Li, Bo"]
[Result "1-0"]
[WhiteElo "2455"]
[BlackElo "2325"]
[Annotator "TA"]
[PlyCount "139"]
[EventDate "2019.02.21"]
[EventType "swiss"]
[EventRounds "9"]
[EventCountry "IRI"]
[SourceTitle "playchess.com"]
[Source "ChessBase"]
[SourceQuality "1"]

{[%evp 16,138,0,0,25,-13,16,2,24,27,24,0,34,25,43,46,49,51,83,66,112,96,172,158,153,155,179,163,156,159,171,170,184,144,203,153,208,208,244,208,208,200,187,195,204,204,347,352,374,376,382,387,387,376,353,354,669,671,707,707,891,876,873,872,858,866,843,814,771,618,1668,1651,1582,1582,6292,5520,1400,1323,29973,29973,29973,29974,29974,29974,29975,29976,29976,29977,29977,29978,29978,29979,29979,29980,29980,29981,29981,29981,29981,29982,29982,29983,29983,29984,29988,29989,29992,29993,29995,29996,29996,29995,29996,29994,29994,29994,29995,29996,29996,29997,29997,29998,29998,29999,29999]} 1. e4 c5 2. Nf3 d6 3. d4 cxd4 4. Qxd4 Nc6 5. Qe3 Nf6 6. Be2 {B53: Sicilian: 2...d6: Lines with Qxd4} g6 7. O-O Bg7 8. h3 O-O (8... Nd7 9. Nc3 O-O 10. Rb1 a6 11. Bd2 b5 12. Nd5 e6 {1-0 (57) Harikrishna,P (2733)-Korobov,A (2694) Czech Republic 2019}) 9. Rd1 {LiveBook: 25 Games} Qa5 10. c4 Qc5 $146 ({Predecessor:} 10... Nd7 11. Nc3 Nde5 12. Nd2 Qc5 {1-0 (38) Lianes Garcia,M (2340)-Amoros Moran,J (1908) Linares 2018}) 11. Nc3 Be6 12. Ng5 Bd7 13. f4 {Qxc5 is the strong threat.} Qxe3+ (13... b6 {keeps more tension.} 14. Kh2 Rfd8 15. Qd3 Nb4 16. Qd2 Nc6) 14. Bxe3 h6 15. Nf3 $36 {[%mdl 2048] White has some pressure.} Be6 16. Rac1 Rfc8 17. g4 Nb4 18. b3 Na6 (18... Rd8 $16) 19. Nd4 $18 Bd7 20. Bf3 {Strongly threatening e5.} Bc6 21. Nxc6 bxc6 22. e5 Ne8 23. exd6 exd6 24. Rd2 Nc5 {[#]} (24... d5 $16 25. f5 gxf5 26. gxf5 dxc4) 25. b4 $1 {[%cal Rb4c5,Bb3b4,Bb4b5][%mdl 32]} Ne6 {[#]} (25... Nd7 $16 26. b5 Nb6) 26. b5 $1 d5 {Hoping for ...d4.} 27. f5 ({Weaker is} 27. cxd5 cxd5 28. Ne2 (28. Bxd5 Bxc3 29. Rdc2 Bd4 $14) 28... Rxc1+ 29. Nxc1 Rb8 $16) 27... gxf5 28. gxf5 Ng5 29. Bxg5 hxg5 30. bxc6 ({Worse is} 30. cxd5 cxd5 31. Rdc2 Bxc3 $14) 30... Rxc6 (30... Bxc3 $142 31. Rxc3 Rxc6 32. Bxd5 Rd6) 31. Nxd5 ({Much less strong is} 31. Bxd5 Bxc3 32. Rdd1 Bd4+ 33. Rxd4 Rd6) 31... Rd6 32. Ne7+ Kf8 33. Rxd6 Nxd6 34. Bxa8 Kxe7 {[%mdl 4096] Endgame KRB-KBN} 35. c5 Nxf5 $2 (35... Nb5 36. Re1+ Kd8) 36. c6 Bd4+ 37. Kg2 Nh4+ 38. Kh1 Nf5 39. c7 Nd6 40. c8=Q Nxc8 41. Rxc8 Bb6 42. Kg2 f5 43. Rc6 Bd4 44. Kf3 Kf7 45. Bb7 Bb6 46. Bc8 f4 47. Kg4 {White mates.} Bd8 48. Ra6 Bb6 49. a4 {[%cal Ba2a4,Ba4a5,Ba5a6][%mdl 32]} Kg7 50. a5 Be3 51. Bf5 Kf7 52. Rg6 Bd2 53. a6 Be3 54. Kf3 Bd4 55. Rxg5 Kf6 56. Kg4 Be3 57. Rg6+ Ke5 58. h4 Bd2 59. h5 Be3 60. h6 f3 61. h7 f2 62. h8=Q+ Kd5 63. Qd8+ Kc5 64. Bd3 {[%csl Gg6][%cal Rd8d6]} Kb4 65. Qd5 Bb6 66. Qc4+ Ka3 67. Qc3+ Ka2 68. Bc2 f1=Q 69. Qb3+ Ka1 70. Qa3# {Precision: White = 80%, Black = 24%.} 1-0

[Event "6th Karoun Masters Cup 2019"]
[Site "Ahvaz"]
[Date "2019.02.27"]
[Round "9.1"]
[White "Grigoryan, Karen H."]
[Black "Bernadskiy, Vitaliy"]
[Result "1/2-1/2"]
[WhiteElo "2590"]
[BlackElo "2570"]
[Annotator "ChessBase"]
[PlyCount "52"]
[EventDate "2019.02.21"]
[EventType "swiss"]
[EventRounds "9"]
[EventCountry "IRI"]
[SourceTitle "playchess.com"]
[Source "ChessBase"]
[SourceQuality "1"]
[TimeControl "5400+30"]

1. e4 {[%emt 0:00:01]} e6 {[%emt 0:00:00]} 2. d4 {[%emt 0:00:12]} d5 {[%emt 0:00:00]} 3. Nc3 {[%emt 0:00:10]} Bb4 {[%emt 0:00:00]} 4. Nge2 {[%emt 0:02:01]} Nc6 {[%emt 0:01:55]} 5. a3 {[%emt 0:02:07]} Ba5 {[%emt 0:00:04]} 6. b4 {[%emt 0:01:47]} Bb6 {[%emt 0:00:04]} 7. e5 {[%emt 0:02:11]} f6 {[%emt 0:01:06]} 8. b5 {[%emt 0:02:10]} Nce7 {[%emt 0:12:32]} 9. Na4 {[%emt 0:10:35]} Ba5+ {[%emt 0:07:15]} 10. Bd2 {[%emt 0:00:42]} Bxd2+ {[%emt 0:04:41]} 11. Qxd2 {[%emt 0:00:08]} fxe5 {[%emt 0:00:43]} 12. dxe5 {[%emt 0:00:25]} Ng6 {[%emt 0:00:05]} 13. f4 {[%emt 0:11:52]} Nxe5 {[%emt 0:04:44]} 14. fxe5 {[%emt 0:04:22]} Qh4+ {[%emt 0:00:10]} 15. g3 {[%emt 0:00:36]} Qxa4 {[%emt 0:03:25]} 16. Nd4 {[%emt 0:03:07]} Ne7 {[%emt 0:01:57]} 17. Bd3 {[%emt 0:04:09]} O-O {[%emt 0:03:05]} 18. Qb4 {[%emt 0:07:18]} Qxb4+ {[%emt 0:00:15]} 19. axb4 {[%emt 0:00:06]} Bd7 {[%emt 0:01:42]} 20. Kd2 {[%emt 0:08:50]} c6 {[%emt 0:01:16]} 21. bxc6 {[%emt 0:00:25]} Nxc6 {[%emt 0:00:24]} 22. Nxc6 {[%emt 0:00:23]} Bxc6 {[%emt 0:00:24]} 23. b5 {[%emt 0:00:07]} Be8 {[%emt 0:00:38]} 24. Ra3 {[%emt 0:06:53]} Bg6 {[%emt 0:01:42]} 25. Rha1 {[%emt 0:05:06]} Bxd3 {[%emt 0:02:02]} 26. Kxd3 {[%emt 0:03:17]} a6 {[%emt 0:04:20] Ke4} 1/2-1/2

[Event "6th Karoun Masters Cup 2019"]
[Site "Ahvaz"]
[Date "2019.02.27"]
[Round "9.2"]
[White "Danielyan, Vahe"]
[Black "Lomsadze, Davit"]
[Result "1-0"]
[WhiteElo "2186"]
[BlackElo "2286"]
[Annotator "NA"]
[PlyCount "47"]
[EventDate "2019.02.21"]
[EventType "swiss"]
[EventRounds "9"]
[EventCountry "IRI"]
[SourceTitle "playchess.com"]
[Source "ChessBase"]
[SourceQuality "1"]
[TimeControl "5400+30"]

1. e4 {[%emt 0:00:00]} g6 {[%emt 0:02:10]} 2. d4 {[%emt 0:00:20]} Bg7 {[%emt 0:00:07]} 3. Nc3 {[%emt 0:00:09]} c6 {[%emt 0:00:43]} 4. Be3 {[%emt 0:03:33]} d6 {[%emt 0:01:20]} 5. Qd2 {[%emt 0:00:43]} b5 {[%emt 0:02:21]} 6. h4 {[%emt 0:05:25]} h5 {[%emt 0:11:21]} 7. Nf3 {[%emt 0:13:00]} Nf6 {[%emt 0:02:57]} 8. e5 {[%emt 0:07:32]} Ng4 {[%emt 0:06:42]} 9. exd6 {[%emt 0:08:31]} exd6 {[%emt 0:04:04]} 10. Bg5 {[%emt 0:04:04]} f6 {[%emt 0:02:00]} 11. Bf4 {[%emt 0:02:11]} O-O {[%emt 0:07:52]} 12. Bd3 {[%emt 0:06:22]} Re8+ {[%emt 0:04:04]} 13. Ne2 {[%emt 0:01:59]} Kh7 {[%emt 0:08:26]} 14. O-O {[%emt 0:09:45]} Na6 {[%emt 0:07:17]} 15. Ng3 {[%emt 0:06:54]} f5 {[%emt 0:08:11]} 16. Rae1 {[%emt 0:05:34]} Rxe1 {[%emt 0:06:27]} 17. Rxe1 {[%emt 0:00:13]} Nc7 {[%emt 0:02:44]} 18. a4 {[%emt 0:08:12]} Bb7 {[%emt 0:11:30]} 19. axb5 {[%emt 0:03:45]} cxb5 {[%emt 0:01:03]} 20. Ng5+ {[%emt 0:00:07]} Kg8 {[%emt 0:00:23]} 21. Bxf5 {[%emt 0:03:44]} gxf5 {[%emt 0:02:46]} 22. Nxf5 {[%emt 0:00:09]} Qf6 {[%emt 0:05:26]} 23. Ne7+ {[%emt 0:01:13]} Kh8 {[%emt 0:00:08]} 24. Qd3 {[%emt 0:00:46]} 1-0

[Event "6th Karoun Masters Cup 2019"]
[Site "Ahvaz"]
[Date "2019.02.27"]
[Round "9.3"]
[White "Lorparizangeneh, Shahin"]
[Black "Sibashvili, Giorgi"]
[Result "1-0"]
[WhiteElo "2493"]
[BlackElo "2420"]
[Annotator "ChessBase"]
[PlyCount "73"]
[EventDate "2019.02.21"]
[EventType "swiss"]
[EventRounds "9"]
[EventCountry "IRI"]
[SourceTitle "playchess.com"]
[Source "ChessBase"]
[SourceQuality "1"]
[TimeControl "5400+30"]

1. d4 {[%emt 0:02:55]} Nf6 {[%emt 0:00:00]} 2. c4 {[%emt 0:00:33]} e6 {[%emt 0:00:34]} 3. Nf3 {[%emt 0:00:23]} d5 {[%emt 0:00:40]} 4. g3 {[%emt 0:00:30]} Bb4+ {[%emt 0:00:44]} 5. Bd2 {[%emt 0:00:26]} Bd6 {[%emt 0:00:11]} 6. Nc3 {[%emt 0:00:42]} c6 {[%emt 0:04:15]} 7. Bg5 {[%emt 0:07:07]} Nbd7 {[%emt 0:06:00]} 8. Qd3 {[%emt 0:09:35]} O-O {[%emt 0:06:02]} 9. Bg2 {[%emt 0:00:26]} b6 {[%emt 0:03:28]} 10. e4 {[%emt 0:10:18]} Be7 {[%emt 0:10:40]} 11. cxd5 {[%emt 0:12:43]} cxd5 {[%emt 0:00:35]} 12. e5 {[%emt 0:00:08]} Ne8 {[%emt 0:00:32]} 13. Bxe7 {[%emt 0:02:17]} Qxe7 {[%emt 0:00:05]} 14. O-O {[%emt 0:00:55]} Nc7 {[%emt 0:01:14]} 15. Rfc1 {[%emt 0:05:46]} Ba6 {[%emt 0:05:28]} 16. Qd2 {[%emt 0:00:27]} Rfc8 {[%emt 0:01:22]} 17. h4 {[%emt 0:06:32]} b5 {[%emt 0:04:45]} 18. Ne2 {[%emt 0:02:28]} b4 {[%emt 0:05:27]} 19. Nf4 {[%emt 0:00:37]} Nb6 {[%emt 0:02:36]} 20. b3 {[%emt 0:07:38]} Bb5 {[%emt 0:10:45]} 21. Rc5 {[%emt 0:02:05]} a5 {[%emt 0:04:56]} 22. Rac1 {[%emt 0:01:01]} Qd7 {[%emt 0:02:07]} 23. Nh5 {[%emt 0:08:25]} h6 {[%emt 0:06:04]} 24. Nf6+ {[%emt 0:06:18]} gxf6 {[%emt 0:00:07]} 25. exf6 {[%emt 0:00:02]} Ne8 {[%emt 0:15:08]} 26. Ne5 {[%emt 0:01:30]} Qd8 {[%emt 0:00:18]} 27. Rxb5 {[%emt 0:00:48]} Rxc1+ {[%emt 0:02:07]} 28. Qxc1 {[%emt 0:00:02]} Nxf6 {[%emt 0:00:09]} 29. Qxh6 {[%emt 0:00:23]} Nbd7 {[%emt 0:02:20]} 30. Bf1 {[%emt 0:09:36]} Nxe5 {[%emt 0:02:15]} 31. dxe5 {[%emt 0:00:06]} Ne4 {[%emt 0:00:46]} 32. Bd3 {[%emt 0:00:54]} Rb8 {[%emt 0:03:35]} 33. Bxe4 {[%emt 0:01:21]} dxe4 {[%emt 0:00:24]} 34. Qg5+ {[%emt 0:00:12]} Kf8 {[%emt 0:00:15]} 35. Rxb8 {[%emt 0:00:26]} Qxb8 {[%emt 0:00:02]} 36. h5 {[%emt 0:00:08]} Qb6 {[%emt 0:01:30]} 37. h6 {[%emt 0:00:48]} 1-0

[Event "6th Karoun Masters Cup 2019"]
[Site "Ahvaz"]
[Date "2019.02.27"]
[Round "9.4"]
[White "Khademi, Mohammad Miran"]
[Black "Khodashenas, Mersad"]
[Result "1-0"]
[WhiteElo "2298"]
[BlackElo "2455"]
[Annotator "ChessBase"]
[PlyCount "89"]
[EventDate "2019.02.21"]
[EventType "swiss"]
[EventRounds "9"]
[EventCountry "IRI"]
[SourceTitle "playchess.com"]
[Source "ChessBase"]
[SourceQuality "1"]
[TimeControl "5400+30"]

1. e4 {[%emt 0:03:38]} c5 {[%emt 0:00:00]} 2. Ne2 {[%emt 0:05:45]} e6 {[%emt 0:00:09]} 3. Nbc3 {[%emt 0:00:38]} Nc6 {[%emt 0:04:46]} 4. g3 {[%emt 0:01:37]} Nf6 {[%emt 0:03:11]} 5. Bg2 {[%emt 0:00:13]} d5 {[%emt 0:07:42]} 6. exd5 {[%emt 0:03:29]} exd5 {[%emt 0:00:44]} 7. d4 {[%emt 0:00:17]} Bg4 {[%emt 0:05:35]} 8. h3 {[%emt 0:00:17]} cxd4 {[%emt 0:01:52]} 9. Nxd5 {[%emt 0:07:48]} Nxd5 {[%emt 0:02:31]} 10. hxg4 {[%emt 0:00:12]} Bb4+ {[%emt 0:02:47]} 11. c3 {[%emt 0:03:23]} dxc3 {[%emt 0:02:26]} 12. O-O {[%emt 0:00:54]} Nde7 {[%emt 0:06:14]} 13. Qb3 {[%emt 0:00:56]} cxb2 {[%emt 0:02:50]} 14. Bxb2 {[%emt 0:00:09]} O-O {[%emt 0:00:12]} 15. Nf4 {[%emt 0:00:07]} Bd6 {[%emt 0:03:11]} 16. Rad1 {[%emt 0:00:30]} Qc7 {[%emt 0:08:48]} 17. Ne6 {[%emt 0:01:19]} fxe6 {[%emt 0:00:01]} 18. Qxe6+ {[%emt 0:00:12]} Kh8 {[%emt 0:00:07]} 19. Rxd6 {[%emt 0:00:12]} Rad8 {[%emt 0:00:02]} 20. Rfd1 {[%emt 0:04:34]} Rxd6 {[%emt 0:04:52]} 21. Rxd6 {[%emt 0:00:17]} Qb6 {[%emt 0:00:01]} 22. Rd2 {[%emt 0:00:48]} Ng6 {[%emt 0:00:01]} 23. Qe2 {[%emt 0:09:58]} Qc7 {[%emt 0:01:17]} 24. f4 {[%emt 0:00:09]} Qc8 {[%emt 0:06:01]} 25. Kh2 {[%emt 0:15:41]} Rd8 {[%emt 0:04:56]} 26. f5 {[%emt 0:08:29]} Re8 {[%emt 0:02:10]} 27. Qd1 {[%emt 0:01:59]} Nge5 {[%emt 0:00:17]} 28. Bxc6 {[%emt 0:01:33]} Qxc6 {[%emt 0:05:08]} 29. Bxe5 {[%emt 0:00:39]} Rxe5 {[%emt 0:00:01]} 30. Rd8+ {[%emt 0:00:09]} Re8 {[%emt 0:00:01]} 31. Qd6 {[%emt 0:00:10]} Rg8 {[%emt 0:00:29]} 32. Rxg8+ {[%emt 0:09:18]} Kxg8 {[%emt 0:00:04]} 33. Qxc6 {[%emt 0:00:09]} bxc6 {[%emt 0:00:08]} 34. g5 {[%emt 0:00:05]} Kf7 {[%emt 0:14:34]} 35. g4 {[%emt 0:01:53]} Ke7 {[%emt 0:03:35]} 36. Kg3 {[%emt 0:00:06]} Kd6 {[%emt 0:05:34]} 37. Kf4 {[%emt 0:00:07]} Kd5 {[%emt 0:00:02]} 38. a4 {[%emt 0:00:07]} c5 {[%emt 0:03:58]} 39. a5 {[%emt 0:00:15]} c4 {[%emt 0:01:42]} 40. Ke3 {[%emt 0:00:06]} Ke5 {[%emt 0:00:03]} 41. Kd2 {[%emt 0:00:06]} h5 {[%emt 0:00:48]} 42. f6 {[%emt 0:03:35]} gxf6 {[%emt 0:00:46]} 43. g6 {[%emt 0:00:06]} Ke6 {[%emt 0:00:09]} 44. gxh5 {[%emt 0:00:05]} f5 {[%emt 0:00:19]} 45. Kc3 {[%emt 0:00:05]} 1-0

[Event "6th Karoun Masters Cup 2019"]
[Site "Ahvaz"]
[Date "2019.02.26"]
[Round "9.5"]
[White "Kreisl, Robert"]
[Black "Razaghi, Behrooz"]
[Result "1/2-1/2"]
[WhiteElo "2424"]
[BlackElo "2156"]
[Annotator "TA"]
[PlyCount "40"]
[EventDate "2019.02.21"]
[EventType "swiss"]
[EventRounds "9"]
[EventCountry "IRI"]
[SourceTitle "playchess.com"]
[Source "ChessBase"]
[SourceQuality "1"]

{[%evp 23,29,0,0,0,-10,-15,0,0]} 1. c4 c6 2. d4 d5 3. cxd5 cxd5 4. Nc3 Nc6 5. Nf3 Nf6 6. Bf4 Bf5 7. e3 e6 8. Bb5 Nd7 9. O-O Be7 10. Ne5 Ndxe5 11. Bxe5 O-O 12. Bxc6 bxc6 {The position is equal.} 13. Na4 {D14: Slav Defence: Exchange variation with ...Bf5} Qa5 14. Qb3 Qb5 15. Rfc1 {Predecessor:} Rfc8 $146 16. Qd1 f6 17. Bg3 c5 18. dxc5 Bxc5 19. Nxc5 Rxc5 20. Rxc5 Qxc5 {½-½ (54) Barlov,D (2555)-Mednis,E (2445) Graz 1987} 1/2-1/2

[Event "6th Karoun Masters Cup 2019"]
[Site "Ahvaz"]
[Date "2019.02.27"]
[Round "9.6"]
[White "Gholami Orimi, Mahdi"]
[Black "Nadimifar, Adnan"]
[Result "1-0"]
[WhiteElo "2375"]
[BlackElo "2241"]
[Annotator "NA"]
[PlyCount "79"]
[EventDate "2019.02.21"]
[EventType "swiss"]
[EventRounds "9"]
[EventCountry "IRI"]
[SourceTitle "playchess.com"]
[Source "ChessBase"]
[SourceQuality "1"]
[TimeControl "5400+30"]

1. d4 {[%emt 0:00:06]} d6 {[%emt 0:00:00]} 2. Nf3 {[%emt 0:00:08]} Bg4 {[%emt 0:00:00]} 3. c4 {[%emt 0:00:09]} Bxf3 {[%emt 0:00:21]} 4. exf3 {[%emt 0:00:32]} c6 {[%emt 0:00:40]} 5. Nc3 {[%emt 0:00:14]} g6 {[%emt 0:00:07]} 6. Be3 {[%emt 0:00:12]} Bg7 {[%emt 0:00:21]} 7. h4 {[%emt 0:01:18]} Nf6 {[%emt 0:00:59]} 8. g4 {[%emt 0:00:11]} h5 {[%emt 0:00:25]} 9. Bd3 {[%emt 0:01:18]} Qc8 {[%emt 0:02:52]} 10. g5 {[%emt 0:02:26]} Ng8 {[%emt 0:04:57]} 11. f4 {[%emt 0:00:46]} e6 {[%emt 0:00:32]} 12. d5 {[%emt 0:01:35]} Ne7 {[%emt 0:03:52]} 13. dxe6 {[%emt 0:16:28]} Qxe6 {[%emt 0:02:39]} 14. Qd2 {[%emt 0:02:49]} O-O {[%emt 0:08:20]} 15. O-O-O {[%emt 0:01:07]} Na6 {[%emt 0:02:35]} 16. Rhe1 {[%emt 0:00:55]} Qd7 {[%emt 0:01:28]} 17. Ne4 {[%emt 0:05:07]} Rfd8 {[%emt 0:08:53]} 18. Ng3 {[%emt 0:05:00]} d5 {[%emt 0:01:19]} 19. f5 {[%emt 0:03:54]} dxc4 {[%emt 0:03:30]} 20. Bxc4 {[%emt 0:02:32]} Nd5 {[%emt 0:14:38]} 21. Bd4 {[%emt 0:08:47]} b5 {[%emt 0:08:47]} 22. Bb3 {[%emt 0:02:14]} Nac7 {[%emt 0:06:34]} 23. Bxg7 {[%emt 0:01:29]} Kxg7 {[%emt 0:00:03]} 24. Qd4+ {[%emt 0:01:06]} Kh7 {[%emt 0:03:48]} 25. Bc2 {[%emt 0:03:08]} c5 {[%emt 0:02:41]} 26. Qd3 {[%emt 0:20:08]} Qc6 {[%emt 0:14:34]} 27. fxg6+ {[%emt 0:02:47]} fxg6 {[%emt 0:00:05]} 28. Nxh5 {[%emt 0:01:15]} Rf8 {[%emt 0:00:42]} 29. Nf6+ {[%emt 0:02:23]} Rxf6 {[%emt 0:00:23]} 30. gxf6 {[%emt 0:00:02]} Qxf6 {[%emt 0:02:38]} 31. Rg1 {[%emt 0:00:59]} Nf4 {[%emt 0:01:22]} 32. Qd7+ {[%emt 0:01:06]} Qg7 {[%emt 0:00:49]} 33. Bxg6+ {[%emt 0:00:29]} Nxg6 {[%emt 0:00:51]} 34. Qxg7+ {[%emt 0:00:12]} Kxg7 {[%emt 0:00:03]} 35. h5 {[%emt 0:00:35]} Kf6 {[%emt 0:01:41]} 36. Rxg6+ {[%emt 0:00:15]} Kf5 {[%emt 0:00:39]} 37. Rd7 {[%emt 0:00:25]} Ne8 {[%emt 0:00:24]} 38. Rf7+ {[%emt 0:00:05]} Ke5 {[%emt 0:00:50]} 39. Rf8 {[%emt 0:00:02]} Nc7 {[%emt 0:01:10]} 40. Rxa8 {[%emt 0:00:11]} 1-0